000 00474nam a2200181Ia 4500
003 LK-CoDNM
008 010623t2001 xxu||||| |||| 00| 1 sin d
040 _aLK-CoDNM
_dLK-CoDNM
_eLK-CoDNM
041 _asin
080 _a643.52
_bHER
100 _aHerath, Neil
245 _aවැසිකිළි ඉදිකිරීම
246 _aLatrine Construction
260 _bHelvetas
_aSri Lanka
_c2001
300 _b52, 30 cm
650 _aHome Economics
942 _cBK
999 _c121462
_d121462